000 00889nam a2200253Ia 4500
001 618
003 GE_BSU
008 181216s||||||||xx |||||||||||||| ||und||
020 _a9789941122866
040 _cGE_BSU
080 _a31(075.8)
100 _aკბილაძე,დავით;აბესაძე, ნინო;მეტრეველი,შორენა
245 _aსტატისტიკა ეკონომიკასა და ბიზნესში
260 _aთბილისი
260 _bუნივერსალი
260 _c2008
300 _a668გვ.
541 _h25ლ.
653 _aბიზნესი
653 _aეკონომიკა
653 _aსტატისტიკა
653 _aსტატისტიკა ეკონომიკასა და ბიზნესში
942 _cBK
999 _c34808
_d34808